British Geography - Statistics

General Stats
  • This quiz has been taken 98 times
  • The average score is 10 of 20
Answer Stats
Hint Answer % Correct
The main river that runs through London Thames
100%
Tallest mountain in Scotland Ben Nevis
93%
Which lake is the largest in volume and commonly associated with a fictional sea creature Loch ness
93%
City the Mersey runs through Liverpool
88%
River that runs through Newcastle Tyne
86%
Longest river in Britain Severn
81%
Tallest mountain in Wales Snowdon
74%
Collection of the counties that surround London Home counties
69%
Island, famous for its stunning landscape and points of interest such as the fairy pools and the Quiraing , is the largest in the inner Hebrides Skye
58%
National park mainly in Derbyshire contains Dovedale valley Peak District
52%
Peat accumulating wetland in the east of England that was first significantly drained in the 17th century Fens
45%
Tallest mountain in England Scafell Pike
44%
Large ditch originally dug by the Mercians that runs along the border of England and Wales Offa's Dyke
31%
Largest lake in great Britain by surface area Loch Lomond
27%
Cornish name for Cornwall Kernow
22%
County containing hills such as the Long Mynd and the Stiperstones Shropshire
22%
Name the three Scottish Highland mountain classes:+3000ft: 2999-2500ft: 2499-2000ft: Munro
20%
Corbett
8%
Graham
7%
Name for a mountain over 3000ft outside of Scotland Furth
4%
No matching quizzes found
Score Distribution
Percent of People with Each Score
Percentile by Number Answered
Your Score History
You have not taken this quiz